Tilastot visalle Euroopan valtioiden muodot

Klikkaa tästä pelataksesi tätä visaa!

Yleistilastot

  • Tätä visaa on pelattu 2 224 kertaa
  • Keskiarvotulos 25 / 45

Vastaustilastot

Vastaus% Oikein
Yhdistynyt kuningaskunta
96%
Espanja
94%
Islanti
93%
Ranska
93%
Norja
90%
Saksa
90%
Ruotsi
88%
Italia
86%
Suomi
85%
Kreikka
82%
Venäjä
79%
Tanska
77%
Kroatia
76%
Itävalta
72%
Portugali
64%
Puola
61%
Albania
58%
Serbia
54%
Ukraina
54%
Irlanti
52%
Slovakia
52%
Alankomaat
51%
Viro
51%
Malta
47%
Monaco
47%
Vatikaanivaltio
46%
Sveitsi
45%
Bulgaria
44%
Bosnia ja Hertsegovina
42%
Romania
41%
Tšekki
39%
Valko-Venäjä
39%
Latvia
38%
Unkari
38%
Kosovo
36%
Moldova
36%
Liettua
34%
Pohjois-Makedonia
31%
Belgia
28%
Slovenia
28%
Montenegro
25%
Liechtenstein
24%
Luxemburg
24%
Andorra
22%
San Marino
21%

Tulosjakauma

Persentiili vastausten määrän mukaan

Jokaisen tuloksen saaneiden osuus

Tuloshistoriasi

Et ole pelannut tätä visaa